000 01024cad a22001935a 4500
001 L145687
008 081030e2008 xxk v 000 0 eng d
035 _a(Sirsi) u145687
041 0 _aeng
100 1 _aAldrich, Philippa
245 0 0 _aGreen leases
_bwill they survive the credit crunch?
_h[electronic resource]
260 _a[S.l.]
_bMondaq
_c2008
520 _aConsiders whether or not green leases will survive the credit crunch. Explains the differences between green leases and dark green leases. Suggests that green leases may have become another casualty of the credit crunch and concludes that green buildings need to be both commercially viable and attractive to both landlords and tenants.
590 _aKA
651 4 _aUnited Kingdom
_y
690 _aPROPERTY-COMMERCIAL PROPERTY-LEASEHOLD COMMERCIAL PROPERTY-COMMERCIAL LANDLORD AND TENANT-COMMERCIAL LEASES
856 4 0 _uhttps://www.mondaq.com/article.asp?articleid=66374&rss=17/
_zView this article (after registration) at www.mondaq.com...
942 _n0
999 _c80921
_d80921